| 000 | 00681nam a2200229Ia 4500 | ||
|---|---|---|---|
| 005 | 20250508150528.0 | ||
| 008 | 008 250505s9999 xx 000 0 eng d | ||
| 037 | _aTextual | ||
| 040 |
_aFEDL _beng _cFEDL |
||
| 041 |
_aeng _2eng |
||
| 084 |
_a155.282, LEW _qFEDL |
||
| 100 |
_aLewinson Thea Stein _9756939 |
||
| 245 | 0 | _aHandwriting analysis | |
| 260 |
_aNew York, USA _bKing's Crown Press _c1944 |
||
| 300 | _axiii,147p | ||
| 365 |
_aINR _b7.08 |
||
| 490 | _aA series of scales for evaluating the dynamic aspects of handwriting | ||
| 650 | _aPsychology | ||
| 700 |
_a Zubin Joseph _9756940 |
||
| 942 |
_cTEXL _h155.282, LEW |
||
| 999 |
_c1324108 _d1324108 |
||